000 00511nam a2200169 i 4500
001 134209
003 ES-MaACL
005 20230906194626.0
007 t|
008 070906s1947 xxu ||||1| eng d
100 1 _aWheare, K. C.
_9116612
245 1 0 _aFederal government /
_cby K. C. Wheare.
250 _a1st. american ed.
260 _aNew York :
_bRoyal Institutte of International Affairs :
_bOxford University Press,
_c1947.
300 _aVI, 278 p. ;
_c22 cm.
852 _aES-MaACL
_jC-5365
_bR.25478
999 _c134209
_d134209